000 01018nam a2200277Ia 4500
003 OSt
005 20221005103239.0
006 a|||||r|||| 00| 0
007 ta
008 221004b |||||||| |||| 00| 0 hin d
020 _cIndian Rupees 110
024 _a35596
037 _bGift, 01/02/2018,
_cTextual
040 _aCRL
_cCRL
_bhin
041 _2hin
_ahin
082 _aO152,1N56x, Q6
100 _aवर्मा, रंजीत, संपा.
245 0 _aप्रतिरोध का पक्षः कविताः 16 मई के बाद
246 _aPratirodh kā pakṣhah kavitāah 16 maī ke bāda
260 _aकैथल
_bसंभव प्रकाशन भारत
_c2016
300 _a144पृ0
_ccm.
650 _a हिन्दी साहित्य
650 _aहिन्दी कविता
942 _hO152,1N56x, Q6
_cTEXL
_2cc
999 _c1009673
_d1009673